30 biggest European cities by letter (with a map) -L - Statistics

General Stats
  • This quiz has been taken 1,108 times
    958 since last reset
  • The average score is 20 of 30
Answers on the Map
Answers color-coded by a green-red scale on the quiz's map according to % correct below.
 
Answer Stats
Answer Population % Correct
Lisbon 506 892
99%
London (Greater London) 8 787 892
99%
Liverpool 484 600
98%
Lyon 506 615
98%
Leeds 781 700
94%
Ljubljana 280 310
91%
Lviv 727 968
91%
Leipzig 575 979
90%
Lille 233 897
89%
Lodz 696 503
87%
Leicester 348 300
79%
Linz 198 181
79%
Lausanne 137 810
76%
Liège 196 970
75%
Le Havre 172 807
70%
Lugansk 417 990
69%
Lübeck 216 253
68%
Lublin 324 637
65%
Livorno 163 380
62%
Luton 216 800
59%
Larissa 163 380
54%
Le Mans 143 813
52%
Leverkusen 163 487
43%
Lérida (Lleida) 138 144
40%
Lipetsk 510 020
40%
Logroño 150 876
38%
Ludwigshafen am Rhein 164 718
34%
Leganés 187 173
28%
Lutsk 217 082
28%
Lyubertsy 197 705
12%
No matching quizzes found
Score Distribution
Percent of People with Each Score
Percentile by Number Answered
Your Score History
You have not taken this quiz since the last reset